Emócie v investovaní
Emočné odchýlky a investori. Disposition effect. Citová naviazanosť. Zmena rizikovej preferencie. Sociálne vplyvy. Ako sa ubrániť psychologickým odchýlkam. Ovládanie strachu a túžby.Úspešný investor.Psychologické vlastnosti veľkých investorov.
Salvato in:
| Autore principale: | |
|---|---|
| Natura: | Capitolo di libro |
| Lingua: | slovacco |
| Soggetti: | |
| Tags: |
Nessun Tag, puoi essere il primo ad aggiungerne!!
|
MARC
| LEADER | 00000nla$a2200000$$$4500 | ||
|---|---|---|---|
| 001 | 0046301 | ||
| 005 | 20231121080825.6 | ||
| 041 | 0 | |a slo | |
| 044 | |a SK | ||
| 245 | 1 | 0 | |a Emócie v investovaní |c Tomáš Cár |
| 520 | |a Emočné odchýlky a investori. Disposition effect. Citová naviazanosť. Zmena rizikovej preferencie. Sociálne vplyvy. Ako sa ubrániť psychologickým odchýlkam. Ovládanie strachu a túžby.Úspešný investor.Psychologické vlastnosti veľkých investorov. | ||
| 610 | 2 | 0 | |a investori |
| 610 | 2 | 0 | |a investovanie |
| 610 | 2 | 0 | |a psychológia |
| 610 | 2 | 0 | |a štýl pracovný |
| 610 | 2 | 0 | |a štýl vedenia |
| 610 | 2 | 0 | |a motivácia pracovná |
| 610 | 2 | 0 | |a manažéri |
| 100 | 1 | |a Cár, Tomáš | |